| 000 | 00841nam a2200265Ia 4500 | ||
|---|---|---|---|
| 001 | Z_791 | ||
| 003 | CHAP | ||
| 008 | 220113s1991 xx 000 0 und d | ||
| 010 | _a163885 | ||
| 040 | _cCHAP | ||
| 090 | _aTesis C 653 | ||
| 100 |
_aCruz Ramos, Guillermo _929552 |
||
| 245 |
_aLa programación lineal, fundamentos y aplicación a la formulación de raciones de costo mínimo por computadora / _cpor Guillermo Cruz Ramos |
||
| 260 |
_aChapingo, Méx. : _bEl autor, _c1991 |
||
| 300 | _a99 h., cuad. | ||
| 502 | _aTesis (Ing. Agr. Esp. en Zootecnia) -- UACH. Departamento de Zootecnia | ||
| 650 |
_aAlimentos y alimentación del ganado _94326 |
||
| 650 |
_aProcesamiento automático de datos en ganadería _991780 |
||
| 901 | _aTESIS C 653 | ||
| 902 | _aM | ||
| 910 | _a1991 | ||
| 942 | _c2 | ||
| 942 | _c2 | ||
| 999 |
_c163885 _d163885 |
||